logo

Bir Sreshtho Munshi Abdur Rouf Library
Jhenaidah Cadet College

Information and Communication Technology : (Record no. 6582)

MARC details
000 -LEADER
fixed length control field 00648nam a2200241 a 4500
001 - CONTROL NUMBER
JCCL Control Number 6582
003 - CONTROL NUMBER IDENTIFIER
JCCL marc code BD-JhCC
005 - DATE AND TIME OF LATEST TRANSACTION
control field 20180127105906.0
008 - FIXED-LENGTH DATA ELEMENTS--GENERAL INFORMATION
fixed length control field 180125s2014 bg a|||| |||| 000 0 eng d
020 ## - INTERNATIONAL STANDARD BOOK NUMBER
International Standard Book Number 9848272976
035 ## - SYSTEM CONTROL NUMBER
system control number (BD-JhCC)6582
040 ## - CATALOGING SOURCE
Original cataloging agency BD-JhCC
Modifying agency BD-JhCC
041 ## - LANGUAGE CODE
Language code of Book eng
082 ## - DEWEY DECIMAL CLASSIFICATION NUMBER
Classification number 004
Author mark and Year MAH 2014
100 ## - MAIN ENTRY--PERSONAL NAME
Personal name Mahmud, Tarek Hasan-Al
245 ## - TITLE STATEMENT
Title Information and Communication Technology :
Remainder of title for class 11-12 /
Statement of responsibility, etc Tarek Hasan-Al-Mahmud,
250 ## - EDITION STATEMENT
Edition statement 2nd Edi.
260 ## - PUBLICATION, DISTRIBUTION, ETC. (IMPRINT)
Place of publication, distribution, etc Dhaka :
Name of publisher, distributor, etc Mullick Brothers,
Date of publication, distribution, etc 2014
300 ## - PHYSICAL DESCRIPTION
Pagination 308 p. :
Other physical details illus.,
Dimensions 23 cm.
650 ## - SUBJECT ADDED ENTRY--TOPICAL TERM
Topical term or geographic name as entry element Computer Science
942 ## - ADDED ENTRY ELEMENTS (KOHA)
Source of classification or shelving scheme Dewey Decimal Classification
Koha item type Books
Holdings
Source of classification or shelving scheme Damaged status Not for loan Home library Current library Shelving location Date of accession Cost, normal purchase price Total Checkouts Full call number Barcode Date last seen Copy number Koha item type
Dewey Decimal Classification     JCC Rouf Library JCC Rouf Library General Stacks 01/25/2018 300.00   004 MAH 2014 8787 01/25/2018 C-1 Books

JCC Library | Contacts | JCC Home

Last Update on 23 September 2017
Copyright @ 2017-2020 JCC Rouf Library
Rouf Library, Jhenidah Cadet College (JCC), Bangladesh